000
00369nam a2200133Ia 4500
008
151001s9999||||xx |||||||||||||| ||und||
100
_a
सुदर्शन भाटीया
245
_a
भारतीय आदर्श बालक कोश
250
_a
1
260
_b
चंबल एजन्सी
260
_c
2012
300
_a
123
365
_b
21
999
_c
999144
_d
999141